DEVELOPING the LEADER WITHIN YOU 2.0.

Bibliographic Details
Main Author: Maxwell,John C (Author)
Format: Book
Language:English
Published: Nashville, Tennessee: HarperCollins, 2018.
Subjects:
LEADER 00732cam a2200241 7i4500
001 0000035365
005 20190508090000.0
007 ##ta
008 190508t20182018-us eng
020 # # |a 9780718073992  
040 # # |a TEFOD 
090 0 0 |a B 658.4092   |b MAX 
100 1 # |a Maxwell,John C   |e Author  
245 0 0 |a DEVELOPING the LEADER WITHIN YOU 2.0. 
264 # 4 |a ♭2018. 
264 # 1 |a Nashville, Tennessee:   |b HarperCollins,   |c 2018. 
300 # # |a xi, 237pages:   |b photograph;   |c 24cm. 
336 # # |a text  |2 rdacontent 
337 # # |a unmediated  |2 rdamedia 
338 # # |a volume  |2 rdacarrier 
504 # # |a Includes bibliographical references and index 
650 # 0 |a Leadership  
999 |a B000040385  |b Book  |c Book  |e Business Information Centre